Países que terminam com S - Statistics

Estatísticas Gerais
  • Esse quiz foi jogado 129 vezes
  • A pontuação média é 7 de 15
Estatísticas das Respostas
% Correto
Estados Unidos
74%
Seychelles
65%
Comores
61%
Laos
58%
Bahamas
51%
Emirados Árabes Unidos
50%
Honduras
50%
Filipinas
49%
Marrocos
49%
Camarões
45%
Maldivas
44%
Barbados
39%
Países Baixos
33%
São Cristóvão e Névis
32%
São Vicente e Granadinas
32%
Nenhum quiz correspondente encontrado
Distribuição das Pontuações
Porcentagem de Pessoas com Cada Pontuação
Percentil de Números Respondidos
Sua Pontuação Histórica
Você não jogou esse quiz